000 00464nam a2200121Ia 4500
008 220216s9999 xx 000 0 und d
100 _aBalfas J
245 0 _aStatus of research and development on rubberwood in Indonesia
260 _bIn: Proceedings of the International Forum on Investment Opportunities in the Rubber Wood Industry, 20-22 September 1993, Kuala Lumpur, Malaysia, pp. 229-238.
_c1993
650 _aIndonesia
650 _aRubberwood
942 _cBO
999 _c48229
_d48229